Mandalorian Characters by Appearances - Statistics

General Stats
  • This quiz has been taken 88 times
  • The average score is 13 of 27
Answer Stats
Hint Answer % Correct
24 Din Djarin
98%
23 Grogu
94%
10 Bo Katan Kryze
83%
5 Boba Fett
82%
9 Moff Gideon
72%
4 Fennec Shand
69%
7 Cara Dune
66%
10 Greef Karga
65%
6 IG11
63%
9 The Armorer
62%
6 Paz Vizsla
58%
2 Migs Mayfeld
45%
4 Axe Woves
42%
4 Peli Motto
40%
5 Penn Pershing
38%
3 The Client
38%
3 Kuiil
37%
5 Koska Reeves
34%
4 Carson Teva
29%
7 Elia Kane
28%
2 Mythrol
25%
4 Ragnar
23%
9 R5D4
20%
3 Frog Lady
17%
2 Gorian Shard
17%
2 Vane
15%
2 Zero
15%
No matching quizzes found
Score Distribution
Percent of People with Each Score
Percentile by Number Answered
Your Score History
You have not taken this quiz